| 000 | 00638cab a22001935a 4500 | ||
|---|---|---|---|
| 001 | L157776 | ||
| 008 | 130514e2013 xxk 000 0 eng d | ||
| 035 | _a(Sirsi) u157776 | ||
| 041 | 0 | _aeng | |
| 100 | 1 | _aStothart, Chloe | |
| 245 | 0 | 0 | _aForecast downgrade is latest blow to industry |
| 260 | _c2013 | ||
| 490 |
_aConstruction News _v(7300) 17 January 2013, 31-34(4) |
||
| 520 | _aForecast for a reduction in the expectation for commercial construction in 2013. There is a prediction that infrastructure will be one of the few growth areas. | ||
| 590 | _aKA | ||
| 651 | 4 |
_aUnited Kingdom _y |
|
| 690 | _aConstruction | ||
| 942 | _n0 | ||
| 999 |
_c84459 _d84459 |
||